| 000 | 00615nam a2200229Ia 4500 | ||
|---|---|---|---|
| 003 | OSt | ||
| 005 | 20230530093203.0 | ||
| 008 | 210423s2017 xx 000 0 und d | ||
| 020 | _a978-81-230-2328-1 | ||
| 040 | _cAL | ||
| 041 | _aeng | ||
| 082 | _a050.954 INDI | ||
| 100 |
_aINDIA (Government of) _9116242 |
||
| 245 | _aIndia 2017: a reference annual Ed 61 | ||
| 250 | _a61 | ||
| 260 |
_aNew Delhi _bMinistry of information and broadcasting _c2017 |
||
| 300 |
_a992 _bPB |
||
| 365 |
_b350 _cINR |
||
| 650 |
_aSerials _9116243 |
||
| 906 | _a2017: ; 61 ; annual ; Ed ; India ; reference | ||
| 942 |
_2ddc _cBK |
||
| 999 |
_c168342 _d168342 |
||